[Event "Acropolis Open"]
[Site "Athens GRE"]
[Date "2006.08.17"]
[Round "5"]
[White "Romanishin,O"]
[Black "Peralta,Fe"]
[Result "1/2-1/2"]
[WhiteElo "2555"]
[BlackElo "2546"]
[EventDate "2006.08.13"]

1. d4 d5 2. c4 c6 3. Nf3 Nf6 4. e3 Bg4 5. Qb3 Qb6 6. Bd3 Nbd7 7. Nc3 e6 8.
Bd2 Be7 9. Qc2 dxc4 10. Bxc4 O-O 11. Be2 Rac8 12. h3 Bf5 13. Qb3 Qxb3 14.
axb3 a6 15. g4 Bc2 16. Bd1 Bd3 17. Be2 Bc2 18. Bd1 Bg6 19. Nh4 Bd3 20. Be2
Bc2 21. Bd1 Bxd1 22. Rxd1 c5 23. Nf3 cxd4 24. Nxd4 Nc5 25. Ke2 Nfe4 26. Be1
Bf6 27. Nxe4 Nxe4 28. Kf3 Nc5 29. Bb4 Rfd8 30. Bxc5 Rxc5 31. Ne2 Rcd5 32.
Rxd5 Rxd5 33. Rc1 g6 34. Nc3 Rc5 35. Ke2 h5 36. Rc2 hxg4 37. hxg4 Kg7 38.
Kd3 Rc6 39. Ne4 Rb6 40. g5 Be5 41. Nd2 Kf8 42. f4 Bd6 43. Rc3 Ke7 44. Nc4
Rb4 45. Ke2 Rb5 46. Kf3 e5 47. Rd3 Bc7 48. Rc3 Bd6 49. Rd3 Bb8 50. Nd2 Rc5
51. Ne4 Rc2 52. Nf6 Bd6 53. fxe5 Bxe5 54. Rd7+ Ke6 55. Rxb7 Bxf6 56. Rb6+
Kf5 57. Rxf6+ Kxg5 58. Rxf7 1/2-1/2

[Event "Acropolis Open"]
[Site "Athens GRE"]
[Date "2006.08.17"]
[Round "5"]
[White "Mastrovasilis,A"]
[Black "Esen,B"]
[Result "1-0"]
[WhiteElo "2521"]
[BlackElo "2459"]
[EventDate "2006.08.13"]

1. d4 d5 2. c4 c6 3. Nf3 Nf6 4. Nc3 a6 5. Ne5 Nbd7 6. Bf4 dxc4 7. Nxc4 b5
8. Ne5 Bb7 9. e3 e6 10. Be2 Be7 11. Bf3 Qb6 12. O-O O-O 13. Ne4 Rfd8 14.
Qc2 Nxe5 15. Bxe5 Nxe4 16. Bxe4 h6 17. Qd1 Rac8 18. Rc1 Rd7 19. Qg4 Bf8 20.
Bf3 Kh7 21. h4 Qd8 22. b4 f5 23. Qf4 Bxb4 24. d5 cxd5 25. Rxc8 Qxc8 26.
Qxb4 d4 27. Bxb7 Qxb7 28. exd4 Qe4 29. h5 Qe2 30. Qb3 Rd5 31. Qg3 1-0

[Event "Acropolis Open"]
[Site "Athens GRE"]
[Date "2006.08.17"]
[Round "5"]
[White "Al Sayed,Mohamad"]
[Black "Kalesis,N"]
[Result "1-0"]
[WhiteElo "2492"]
[BlackElo "2435"]
[EventDate "2006.08.13"]

1. Nf3 Nf6 2. c4 c5 3. g3 b6 4. Bg2 Bb7 5. O-O e6 6. Nc3 d6 7. Re1 Be7 8.
e4 a6 9. d4 cxd4 10. Nxd4 Qc7 11. Be3 O-O 12. f4 Re8 13. Rc1 Nbd7 14. f5
Bd8 15. fxe6 fxe6 16. Bh3 Nf8 17. Bf2 N6d7 18. b4 Bf6 19. Nd5 Qd8 20. Nxf6+
Qxf6 21. Nf3 Ng6 22. Bg2 Qe7 23. Qd4 a5 24. a3 axb4 25. axb4 Ra4 26. b5 Nc5
27. Rcd1 Rd8 28. h4 e5 29. Qb2 Rda8 30. Bxc5 bxc5 31. Qd2 Rd8 32. Ra1 Rxa1
33. Rxa1 Nf8 34. Ra7 Qc7 35. Bh3 Qb6 36. Qa5 Qxa5 37. Rxa5 Bxe4 38. Ng5 Bb7
39. Ra7 Rb8 40. Bg2 Bxg2 41. Kxg2 h6 42. Ne4 d5 43. cxd5 Rxb5 44. Nd6 Rb2+
45. Kf3 g6 46. Ne8 c4 47. Nf6+ Kh8 48. d6 c3 49. d7 Rd2 50. Rc7 Rd6 51. Ke4
c2 52. Rxc2 1-0

[Event "Acropolis Open"]
[Site "Athens GRE"]
[Date "2006.08.17"]
[Round "5"]
[White "Rozentalis,E"]
[Black "Georgiadis,I"]
[Result "0-1"]
[WhiteElo "2605"]
[BlackElo "2312"]
[EventDate "2006.08.13"]

1. e4 c5 2. Nc3 a6 3. g3 b5 4. Bg2 Bb7 5. d3 e6 6. f4 b4 7. Nce2 d5 8. e5
Ne7 9. c3 Nbc6 10. Nf3 Nf5 11. O-O h5 12. d4 h4 13. g4 h3 14. Bh1 Nh6 15.
g5 Nf5 16. Ng3 Nce7 17. cxb4 cxd4 18. Rf2 Qb6 19. a3 Rc8 20. Ne2 Nc6 21.
Qd3 a5 22. b5 Bc5 23. b3 Na7 24. a4 Nc6 25. Bd2 Nb4 26. Bxb4 Bxb4 27. Rd1
Ke7 28. Rff1 Rc3 29. Nxc3 dxc3+ 30. Rf2 Bc5 31. Rdf1 Rc8 32. Ne1 Ne3 33. f5
Nxf1 34. f6+ Kd7 0-1

[Event "Acropolis Open"]
[Site "Athens GRE"]
[Date "2006.08.17"]
[Round "5"]
[White "Solak,D"]
[Black "Haznedaroglu,K"]
[Result "1/2-1/2"]
[WhiteElo "2564"]
[BlackElo "2454"]
[EventDate "2006.08.13"]

1. d4 d5 2. c4 c6 3. Nf3 Nf6 4. Nc3 dxc4 5. a4 Bf5 6. e3 e6 7. Bxc4 Bb4 8.
O-O O-O 9. Nh4 Bg6 10. Nxg6 hxg6 11. Qc2 Nbd7 12. Rd1 Qa5 13. Ne2 Rac8 14.
Nf4 g5 15. Nd3 Bd6 16. b4 Qc7 17. g3 e5 18. dxe5 Nxe5 19. Nxe5 Bxe5 20. Ra3
Rcd8 21. Rad3 Qc8 22. e4 Rxd3 23. Qxd3 Qh3 24. Qe2 Bc7 25. f3 Bb6+ 26. Kh1
Qh5 27. Bb2 Rd8 28. Bxf6 gxf6 29. Kg2 Qh6 30. Rxd8+ Bxd8 31. e5 fxe5 32.
Qxe5 Qf8 33. b5 cxb5 34. axb5 Qe7 35. Qf5 Qf6 36. Qe4 Qe7 37. Qg6+ Kf8 38.
Qh6+ Kg8 39. Qg6+ Kf8 40. Qh6+ Kg8 41. Bd3 Qf6 42. Qh7+ Kf8 43. Qe4 Bb6 44.
Qb4+ Kg7 45. Qb1 Qd4 46. Be4 Qd2+ 47. Kh3 Qd7+ 48. Bf5 Qd4 49. Qd3 1/2-1/2

[Event "Acropolis Open"]
[Site "Athens GRE"]
[Date "2006.08.17"]
[Round "5"]
[White "Nikolaidis,I"]
[Black "Erdogdu,M"]
[Result "1-0"]
[WhiteElo "2538"]
[BlackElo "2386"]
[EventDate "2006.08.13"]

1. c4 Nf6 2. Nc3 g6 3. e4 d6 4. d4 Bg7 5. Bg5 O-O 6. Qd2 c6 7. Bd3 a6 8.
Nge2 b5 9. O-O Nbd7 10. Rac1 Bb7 11. b3 bxc4 12. Bxc4 d5 13. Bd3 c5 14.
Nxd5 cxd4 15. Nxf6+ Nxf6 16. f3 Ne8 17. Rc2 Nd6 18. Rfc1 f6 19. Bh6 e5 20.
Bxg7 Kxg7 21. b4 Rf7 22. Rc5 Qb6 23. a3 Re8 24. Ng3 Qd8 25. Qe2 Qb6 26. Nf1
Rfe7 27. Nd2 Ra8 28. Nb3 Rae8 29. Na5 Ba8 30. Bxa6 f5 31. Bd3 fxe4 32. fxe4
Rf7 33. Nb3 Qa7 34. Ra5 Qe7 35. Nd2 Qg5 36. Rf1 Rxf1+ 37. Nxf1 Rf8 38. Ra7+
Kh8 39. Rd7 Qf6 40. Nd2 Qe6 41. Ra7 Qa2 42. h3 Bb7 43. Ra5 Re8 44. Qe1 Qb2
45. Nf3 Rc8 46. Qh4 Qc1+ 47. Kh2 Rf8 48. Rc5 Qe3 49. Rc7 Qf4+ 50. Qxf4 Rxf4
51. Nxe5 Bxe4 52. Rd7 Nf5 53. b5 1-0

[Event "Acropolis Open"]
[Site "Athens GRE"]
[Date "2006.08.17"]
[Round "5"]
[White "Vouldis,A"]
[Black "Shavtvaladze,N"]
[Result "0-1"]
[WhiteElo "2521"]
[BlackElo "2383"]
[EventDate "2006.08.13"]

1. e4 e6 2. d4 d5 3. Nc3 dxe4 4. Nxe4 Nd7 5. Nf3 Ngf6 6. Bg5 h6 7. Nxf6+
Nxf6 8. Be3 Nd5 9. Bd2 c5 10. Bb5+ Bd7 11. Qe2 Bxb5 12. Qxb5+ Qd7 13. Qe2
cxd4 14. Ne5 Qc7 15. Qb5+ Kd8 16. Nf3 Bc5 17. O-O Ke7 18. Rfe1 Rhd8 19. Qd3
Nf6 20. Re2 Kf8 21. Rae1 Rac8 22. Ne5 Bd6 23. Qf3 Bxe5 24. Rxe5 Rd5 25.
Qa3+ Kg8 26. Rxd5 Nxd5 27. Qxa7 Qxc2 28. Qxb7 Rc4 29. Ba5 d3 30. Qb8+ Kh7
31. Qb3 d2 32. Rf1 Qxb3 33. axb3 Rc2 34. g3 e5 0-1

[Event "Acropolis Open"]
[Site "Athens GRE"]
[Date "2006.08.17"]
[Round "5"]
[White "Grivas,E"]
[Black "Dagkakis,P"]
[Result "1-0"]
[WhiteElo "2496"]
[BlackElo "2267"]
[EventDate "2006.08.13"]

1. Nf3 c5 2. g3 Nc6 3. Bg2 e5 4. O-O g6 5. c4 Bg7 6. Nc3 Nge7 7. Ne1 O-O 8.
Nc2 d6 9. d3 Be6 10. Ne3 Rb8 11. b3 a6 12. Bb2 b5 13. Ncd5 f5 14. Qd2 Qd7
15. f4 Kh8 16. Nxe7 Nxe7 17. Rac1 Nc6 18. fxe5 Nxe5 19. Nd5 Bg8 20. cxb5
Rxb5 21. Nf4 Qa7 22. Kh1 Ng4 23. h3 Nf6 24. e4 fxe4 25. dxe4 Qe7 26. Rcd1
Rb6 27. Qa5 Rbb8 28. Rfe1 Rfd8 29. Rd2 Nh5 30. Nxh5 Bxb2 31. Rxb2 gxh5 32.
e5 dxe5 33. Rbe2 Bd5 34. Rxe5 Bxg2+ 35. Kxg2 Qd6 36. R1e2 h4 37. Qxc5 Qxc5
38. Rxc5 hxg3 39. Kxg3 Rg8+ 40. Kh2 Rg6 41. Rg2 Rf6 42. Rc3 Re8 43. Rgc2
Kg7 44. Kg2 Re1 45. Rg3+ Kf7 46. Rf3 Rxf3 47. Kxf3 Re6 48. Rc7+ Kg6 49. Kf4
h6 50. Rc5 Kf6 51. h4 Kg6 52. h5+ Kf6 53. Rf5+ Kg7 54. b4 Rc6 55. Rc5 Rb6
56. a3 Kf6 57. Ke4 Rd6 58. Rd5 Rc6 59. Kd4 Ke7 60. Rc5 Rd6+ 61. Kc4 Rf6 62.
Kb3 Kd7 63. Ka4 Rf3 64. Re5 Rg3 65. Ra5 Rh3 66. Rxa6 Rxh5 67. b5 Kc7 68.
Ka5 Kb7 69. a4 Rh4 70. Rg6 h5 71. Rg7+ Kc8 72. Rh7 Kd8 73. b6 Kc8 74. Kb5
Rh1 75. a5 h4 76. Rh8+ Kd7 77. b7 Rb1+ 78. Ka6 1-0

[Event "Acropolis Open"]
[Site "Athens GRE"]
[Date "2006.08.17"]
[Round "5"]
[White "Zysk,R"]
[Black "Markidis,K"]
[Result "1-0"]
[WhiteElo "2474"]
[BlackElo "2370"]
[EventDate "2006.08.13"]

1. Nf3 Nf6 2. d4 g6 3. c4 Bg7 4. Nc3 d6 5. g3 O-O 6. Bg2 Nbd7 7. Bf4 c5 8.
d5 Nb6 9. b3 h6 10. Rc1 g5 11. Bd2 e6 12. h4 g4 13. Nh2 exd5 14. cxd5 Re8
15. O-O Nbd7 16. Bf4 Nh5 17. e3 Nxf4 18. exf4 f5 19. Qd3 Nf6 20. Rfe1 Bd7
21. Nf1 Rxe1 22. Rxe1 Qa5 23. Re6 Ne8 24. Nd1 Qxa2 25. Nde3 Bd4 26. Qxf5
Ng7 27. Qg6 Bxe6 28. dxe6 Re8 29. f5 Qb2 30. Nxg4 h5 31. f6 1-0

[Event "Acropolis Open"]
[Site "Athens GRE"]
[Date "2006.08.17"]
[Round "5"]
[White "Tsanas,A"]
[Black "Mastrovasilis,D"]
[Result "0-1"]
[WhiteElo "2286"]
[BlackElo "2567"]
[EventDate "2006.08.13"]

1. c4 e5 2. g3 c6 3. d4 exd4 4. Qxd4 d5 5. Bg2 Nf6 6. cxd5 cxd5 7. Nf3 Nc6
8. Qa4 Bc5 9. O-O O-O 10. a3 Re8 11. b4 Bb6 12. e3 Bg4 13. Bb2 d4 14. Nxd4
Nxd4 15. exd4 Be2 16. Nc3 Bxf1 17. Rxf1 Qxd4 18. Bxb7 Rad8 19. Qb3 Re1 20.
Ne4 Rxf1+ 21. Kxf1 Nxe4 22. Bxd4 Nd2+ 0-1

[Event "Acropolis Open"]
[Site "Athens GRE"]
[Date "2006.08.17"]
[Round "5"]
[White "Al Modiahki,M"]
[Black "Hadzimanolis,A"]
[Result "1-0"]
[WhiteElo "2564"]
[BlackElo "2333"]
[EventDate "2006.08.13"]

1. e4 e5 2. Nf3 d6 3. d4 Nf6 4. Nc3 Nbd7 5. Bc4 Be7 6. O-O O-O 7. Re1 c6 8.
a4 Qc7 9. h3 b6 10. Bg5 Bb7 11. Qe2 Rfe8 12. Ba2 exd4 13. Nxd4 d5 14. exd5
cxd5 15. Qf3 Qc5 16. Be3 Qc8 17. Bf4 Bc5 18. Nf5 d4 19. Qg3 g6 20. Nh6+ Kg7
21. Nxf7 h5 22. Nb5 Ne4 23. Qd3 Qc6 24. f3 Nef6 25. Nc7 Rxe1+ 26. Rxe1 Bb4
27. Bh6+ Kh7 28. Ne6 Qxe6 29. Rxe6 Nc5 30. Qxd4 Nxe6 31. Qxf6 1-0

[Event "Acropolis Open"]
[Site "Athens GRE"]
[Date "2006.08.17"]
[Round "5"]
[White "Aroshidze,L"]
[Black "Simeonidis,I"]
[Result "1-0"]
[WhiteElo "2490"]
[BlackElo "2299"]
[EventDate "2006.08.13"]

1. c4 e5 2. Nc3 Nf6 3. g3 Bb4 4. Bg2 O-O 5. e4 Bxc3 6. bxc3 Re8 7. Ne2 c6
8. O-O d5 9. exd5 cxd5 10. d4 exd4 11. Nxd4 Nc6 12. Bg5 Nxd4 13. Qxd4 dxc4
14. Qxd8 Rxd8 15. Rfd1 Rd3 16. Bf1 Rxd1 17. Rxd1 Be6 18. Bg2 h6 19. Bf4 Re8
20. Bxb7 Bg4 21. f3 Bf5 22. Kf2 Bd3 23. Rd2 Re7 24. Rb2 Ne8 25. Bc6 g5 26.
Be3 Nd6 27. g4 Kh7 28. Bd4 Kg6 29. Ba4 Nc8 30. Bd1 f6 31. Rb8 Rc7 32. a4
Ne7 33. Rf8 Nd5 34. Rd8 Ne7 35. Rd6 Rc6 36. Rd7 Nc8 37. f4 gxf4 38. h4 Be4
39. Bf3 Nd6 40. Bxe4+ Nxe4+ 41. Kf3 Nc5 42. h5+ Kg5 43. Rd5+ 1-0

[Event "Acropolis Open"]
[Site "Athens GRE"]
[Date "2006.08.17"]
[Round "5"]
[White "Sarandos,V"]
[Black "Managadze,N"]
[Result "1/2-1/2"]
[WhiteElo "2278"]
[BlackElo "2444"]
[EventDate "2006.08.13"]

1. d4 Nf6 2. c4 e6 3. Nc3 b6 4. Nf3 Bb7 5. a3 d5 6. cxd5 exd5 7. Bf4 Bd6 8.
Bxd6 Qxd6 9. e3 a6 10. b4 O-O 11. Be2 Nbd7 12. O-O c5 13. bxc5 bxc5 14. Rb1
Rab8 15. dxc5 Qxc5 16. Rb3 Qa5 17. Qd4 Nc5 18. Rb2 Ba8 19. Rxb8 Rxb8 20.
Rb1 Nb3 21. Qa7 Qd8 22. Bxa6 Nd7 23. Nd4 Nxd4 24. Rxb8 Nxb8 25. exd4 Nd7
26. Bb5 Nf6 27. a4 h6 28. a5 Ne4 29. Nxe4 dxe4 30. Bc4 Bd5 31. Bxd5 Qxd5
32. Qb8+ Kh7 33. Qe5 Qb7 34. h3 f6 35. Qf5+ Kh8 36. d5 Qb1+ 37. Kh2 Qb8+
38. g3 e3 39. fxe3 Qb2+ 40. Kg1 Qc1+ 41. Qf1 Qxe3+ 42. Qf2 Qa3 43. Qe1 Qc5+
44. Kh2 Qxd5 45. Qc3 f5 46. Kg1 Qe4 47. Qd2 Qc4 48. Kh2 Kg8 49. Qf2 Qe6 50.
Qb2 Kh7 51. Qc2 Kh8 52. Qf2 Kg8 53. h4 Kh8 54. Qb2 Kh7 55. Qb5 Qe4 56. Qf1
Qc2+ 57. Qg2 Qc4 58. Qf2 Qe6 59. Qc2 Kh8 60. Qb2 Qc4 61. Qb8+ Kh7 62. Qe5
Qc2+ 63. Kg1 Qd3 64. Kf2 Kh8 65. Qe8+ Kh7 66. Qa4 Qa6 67. h5 Qa7+ 68. Kf3
Qa6 69. Kf4 Qf1+ 70. Ke5 Qe2+ 71. Kxf5 Qxh5+ 72. Kf4 Qg5+ 73. Kf3 Qf5+ 74.
Ke3 Qg5+ 75. Kf3 Qf5+ 76. Kg2 Qd5+ 77. Kh2 Qh5+ 78. Kg1 Qc5+ 79. Kf1 Qf5+
80. Ke2 Qe5+ 81. Kd2 Qd5+ 82. Kc3 Qe5+ 83. Kc2 Qc5+ 84. Kb2 Qe5+ 85. Kc2
Qf5+ 86. Kc3 Qe5+ 87. Kd2 Qd5+ 88. Ke3 Qg5+ 89. Kf3 1/2-1/2

[Event "Acropolis Open"]
[Site "Athens GRE"]
[Date "2006.08.17"]
[Round "5"]
[White "Sriram,J"]
[Black "Gogolis,A"]
[Result "1-0"]
[WhiteElo "2408"]
[BlackElo "2293"]
[EventDate "2006.08.13"]

1. d4 Nf6 2. c4 b6 3. Nc3 Bb7 4. Nf3 e6 5. a3 Be7 6. d5 O-O 7. e4 d6 8. Be2
e5 9. O-O c5 10. b4 Nbd7 11. Ne1 cxb4 12. axb4 a5 13. bxa5 Nc5 14. Be3 Nfd7
15. axb6 Rxa1 16. Qxa1 Qxb6 17. Nd3 Ra8 18. Qb1 Qc7 19. Nxc5 Nxc5 20. Bxc5
dxc5 21. d6 1-0

[Event "Acropolis Open"]
[Site "Athens GRE"]
[Date "2006.08.17"]
[Round "5"]
[White "Karayannis,A"]
[Black "Papadopoulos,I"]
[Result "0-1"]
[WhiteElo "2380"]
[BlackElo "2285"]
[EventDate "2006.08.13"]

1. b3 d5 2. Bb2 c5 3. e3 e6 4. f4 Nf6 5. Nf3 Be7 6. Bb5+ Bd7 7. Bxd7+ Nbxd7
8. O-O Qc7 9. Nc3 a6 10. Ne2 O-O 11. Qe1 Rfe8 12. Qg3 Bf8 13. Qh4 Ne4 14.
Ng5 Nxg5 15. fxg5 Ne5 16. Nf4 Rad8 17. Rae1 d4 18. Kh1 Nc6 19. Rf3 Be7 20.
Qh5 g6 21. Qh6 Qe5 22. Nd3 Qg7 23. Qh3 b6 24. Ref1 Rf8 25. Qg4 Rd5 26. h4
h6 27. c4 Rd6 28. Rh3 e5 29. Nf2 f5 30. gxf6 Rdxf6 31. Rf3 Rxf3 32. gxf3
Qf6 33. Kg2 Qf5 34. exd4 exd4 35. Re1 Qxg4+ 36. Nxg4 h5 37. Ne5 Nxe5 38.
Rxe5 Bxh4 39. d3 Kf7 40. Bc1 Bf6 41. Re1 g5 42. Rh1 Re8 43. Kf2 Kg6 44. Rg1
Kf5 45. Rh1 h4 46. Rg1 b5 47. Re1 Rxe1 48. Kxe1 b4 49. a3 a5 50. axb4 axb4
51. Kf2 Be5 52. Bd2 Bf4 53. Be1 Bg3+ 0-1

[Event "Acropolis Open"]
[Site "Athens GRE"]
[Date "2006.08.17"]
[Round "5"]
[White "Pountzas,H"]
[Black "Yagiz,Y"]
[Result "0-1"]
[WhiteElo "2262"]
[BlackElo "2343"]
[EventDate "2006.08.13"]

1. Nf3 f5 2. g3 Nf6 3. Bg2 g6 4. O-O Bg7 5. c4 O-O 6. Nc3 d6 7. d4 Qe8 8.
d5 Na6 9. Nd4 Bd7 10. e4 fxe4 11. Nxe4 Nxe4 12. Bxe4 c5 13. Ne6 Bxe6 14.
dxe6 Nc7 15. f4 Bd4+ 16. Kg2 Rf6 17. Qe2 Kh8 18. f5 gxf5 19. Bxf5 Qg8 20.
Qh5 Nxe6 21. Bh6 Ng7 22. Bxg7+ Qxg7 23. Be4 Raf8 24. Rxf6 Rxf6 25. Rf1 Rxf1
26. Kxf1 Qf6+ 27. Qf3 Qxf3+ 28. Bxf3 b5 29. b3 bxc4 30. bxc4 Kg7 31. Ke2
Kf6 32. Be4 h6 33. Kf3 Ke5 34. h4 e6 35. g4 Bf2 36. g5 Bxh4 37. gxh6 Kd4
38. Bc2 Bf6 39. Bb3 Kd3 40. Kf4 Bh8 41. h7 e5+ 42. Kf5 e4 43. Bd1 e3 44.
Ke6 Be5 45. Kd5 e2 46. Bxe2+ Kxe2 47. a4 a5 48. Kc6 Kd3 49. Kb5 Bc3 0-1

[Event "Acropolis Open"]
[Site "Athens GRE"]
[Date "2006.08.17"]
[Round "5"]
[White "Valden,P"]
[Black "Hakki,I"]
[Result "1/2-1/2"]
[WhiteElo "2165"]
[BlackElo "2447"]
[EventDate "2006.08.13"]

1. Nf3 Nf6 2. c4 e6 3. Nc3 d5 4. d4 Be7 5. Bg5 O-O 6. e3 h6 7. Bh4 Ne4 8.
Bxe7 Qxe7 9. Qc2 Nxc3 10. Qxc3 b6 11. cxd5 exd5 12. Rc1 c6 13. Ne5 Bb7 14.
Be2 c5 15. dxc5 bxc5 16. O-O Re8 17. Nd3 c4 18. Nf4 Nd7 19. Bf3 Nf6 20.
Rfd1 Red8 21. Qa5 Rac8 22. Nxd5 Nxd5 23. Bxd5 Qg5 24. e4 Bxd5 25. exd5 Qf6
26. Qc3 Qa6 27. a3 Rc5 28. b3 Rcxd5 29. Rxd5 Rxd5 30. bxc4 Ra5 31. c5 Rxa3
32. Qb2 Rd3 33. Qb8+ Kh7 34. Qb1 Kg8 35. Qb8+ Kh7 36. Qb1 Kg8 37. c6 Rd8
38. c7 Rf8 39. Qb8 Qc8 40. Qxa7 Qd7 41. Qb7 Rc8 42. g3 g6 43. h4 h5 44. Kg2
Kg7 45. Qe4 Kg8 46. Qe5 Kh7 47. Rc3 Kg8 48. Rc5 Kh7 49. Rc2 Kg8 50. Rc4 Kh7
51. Kh2 Kg8 52. Qf6 Rxc7 53. Rd4 Rc6 54. Qxg6+ fxg6 55. Rxd7 Rc3 56. Kg2
Ra3 57. Kf1 Ra2 58. Ke1 Kf8 59. Rd2 Ra3 60. Ke2 Kf7 61. Rd3 Ra2+ 62. Ke3
Kf6 63. Rd2 Ra4 64. Rd4 Ra2 65. f3 Ra3+ 66. Kf4 Ra6 67. Rb4 Rc6 68. g4 hxg4
69. fxg4 g5+ 70. hxg5+ Kg6 71. Re4 Ra6 72. Re5 Ra4+ 73. Kg3 Ra1 74. Rf5 Rb1
75. Kf4 Rb4+ 76. Kg3 Rb1 77. Rd5 Ra1 78. Re5 Rb1 79. Kf4 Rf1+ 80. Ke4 Re1+
81. Kd5 Rxe5+ 82. Kxe5 Kxg5 1/2-1/2

[Event "Acropolis Open"]
[Site "Athens GRE"]
[Date "2006.08.17"]
[Round "5"]
[White "Logothetis,S"]
[Black "Grigoriadis,A"]
[Result "0-1"]
[WhiteElo "2321"]
[BlackElo "2214"]
[EventDate "2006.08.13"]

1. d4 d5 2. c4 e6 3. Nf3 Nf6 4. Nc3 c5 5. cxd5 Nxd5 6. e4 Nxc3 7. bxc3 cxd4
8. cxd4 Bb4+ 9. Bd2 Bxd2+ 10. Qxd2 O-O 11. Bc4 Nc6 12. O-O b6 13. a3 Bb7
14. d5 Na5 15. Ba2 exd5 16. exd5 Qf6 17. Rfe1 Rad8 18. Rad1 h6 19. Qd4 Qxd4
20. Rxd4 Rfe8 21. Rxe8+ Rxe8 22. d6 Bxf3 23. gxf3 Kf8 24. f4 Rd8 25. d7 Ke7
26. Re4+ Kf6 27. Rd4 Nb7 28. Bc4 Nc5 29. Bb5 Ke7 30. Rd1 a6 31. Re1+ Kd6
32. Re8 Kc7 33. Rxd8 Kxd8 34. Bc4 f5 35. Kg2 Kxd7 36. Kf3 Kd6 37. Ke3 b5
38. Bf7 a5 39. f3 Ne6 40. Bg6 Nc7 41. Bxf5 Nd5+ 42. Ke4 b4 43. axb4 a4 44.
Kd3 a3 0-1

[Event "Acropolis Open"]
[Site "Athens GRE"]
[Date "2006.08.17"]
[Round "5"]
[White "Dounis,A"]
[Black "Stefanopoulos,O"]
[Result "0-1"]
[WhiteElo "2152"]
[BlackElo "2246"]
[EventDate "2006.08.13"]

1. Nf3 Nf6 2. g3 b5 3. Bg2 Bb7 4. O-O e6 5. c3 Na6 6. d4 c5 7. Qb3 Nc7 8.
Ne5 Bxg2 9. Kxg2 d6 10. Nf3 Qb8 11. dxc5 dxc5 12. Bf4 Nfd5 13. Bxc7 Nxc7
14. a4 a6 15. Na3 c4 16. Qc2 Bxa3 17. Rxa3 O-O 18. Ng5 f5 19. Rfa1 Qb7+ 20.
Kg1 h6 21. Nf3 Rfb8 22. b4 Rd8 23. Nd4 Qd5 24. Qa2 Rab8 25. axb5 Nxb5 26.
Nxb5 axb5 27. Ra7 Qe5 28. Qc2 Rd5 29. e4 Rd3 30. Re7 f4 31. Raa7 f3 32.
Red7 Rxd7 33. Rxd7 Ra8 34. h3 Ra1+ 35. Kh2 Re1 36. Rd8+ Kh7 37. Rd7 Re2 38.
Rd2 Rxd2 39. Qxd2 Qxe4 40. Qe3 Qd5 41. h4 h5 42. Qf4 Qf5 43. Qe3 e5 44. Kg1
e4 45. Qd4 Qe6 46. Kf1 Qh3+ 47. Ke1 Qh1+ 48. Kd2 Qb1 49. Qe5 Qd3+ 50. Kc1
Qf1+ 51. Kb2 Qxf2+ 52. Ka3 Qa7+ 53. Kb2 Qf7 54. Qxe4+ g6 55. Qe1 f2 56. Qf1
Qf3 57. Ka3 Qxc3+ 0-1

[Event "Acropolis Open"]
[Site "Athens GRE"]
[Date "2006.08.17"]
[Round "5"]
[White "Sandalakis,A"]
[Black "Parginos,V"]
[Result "1-0"]
[WhiteElo "2220"]
[BlackElo "2177"]
[EventDate "2006.08.13"]

1. Nf3 Nf6 2. b3 c5 3. Bb2 Nc6 4. e3 e6 5. Be2 Be7 6. O-O d5 7. d4 cxd4 8.
Nxd4 O-O 9. Nd2 Nd7 10. c4 Nxd4 11. Bxd4 Bf6 12. Bxf6 Nxf6 13. Bf3 Bd7 14.
Rc1 Bc6 15. b4 b5 16. Re1 Rc8 17. cxb5 Bxb5 18. Qb3 Qd7 19. Qa3 a6 20. Nb3
e5 21. Nc5 Qf5 22. Bxd5 e4 23. Bb7 Rce8 24. Qb2 Ng4 25. h3 Nf6 26. a4 Bd3
27. Bxa6 Bxa6 28. Nxa6 g5 29. Rc5 Qg6 30. Nc7 Rc8 31. Rc6 Kg7 32. b5 Rfd8
33. Rec1 g4 34. hxg4 Rxc7 35. Rxc7 Qxg4 36. Qb3 Nd5 37. Ra7 Rd6 38. Rc6 Rd8
39. b6 Kh8 40. Rc1 Rg8 41. g3 Qf3 42. Ra8 Rxa8 43. b7 Rg8 44. b8=Q Rxb8 45.
Qxb8+ Kg7 46. Qe5+ 1-0

[Event "Acropolis Open"]
[Site "Athens GRE"]
[Date "2006.08.17"]
[Round "5"]
[White "Kotrotsos,V"]
[Black "Alexakis,D"]
[Result "1/2-1/2"]
[WhiteElo "2294"]
[BlackElo "2201"]
[EventDate "2006.08.13"]

1. e4 e6 2. d4 c5 3. c3 d5 4. e5 Nc6 5. Nf3 cxd4 6. cxd4 Bb4+ 7. Bd2 Qb6 8.
Bxb4 Qxb4+ 9. Qd2 Nge7 10. Bd3 Bd7 11. a3 Qb6 12. Nc3 Nxd4 13. Nxd4 Qxd4
14. f4 a6 15. Rf1 g6 16. Rf3 Rc8 17. Qf2 Qxf2+ 18. Rxf2 Nc6 19. Ne2 Ke7 20.
b4 Na7 21. a4 1/2-1/2

[Event "Acropolis Open"]
[Site "Athens GRE"]
[Date "2006.08.17"]
[Round "5"]
[White "Tassopoulos,M"]
[Black "Koliopoulos,K"]
[Result "1/2-1/2"]
[WhiteElo "2270"]
[BlackElo "2204"]
[EventDate "2006.08.13"]

1. d4 Nf6 2. Nf3 e6 3. c4 b6 4. g3 Ba6 5. Qc2 c5 6. Bg2 Bb7 7. O-O cxd4 8.
Nxd4 Bxg2 9. Kxg2 Nc6 10. Nxc6 dxc6 11. Rd1 Qc7 12. Nc3 Be7 13. b3 O-O 14.
Ne4 Nxe4 15. Qxe4 Rad8 16. Bf4 Qb7 17. Be5 Rxd1 18. Rxd1 Rd8 19. Rxd8+ Bxd8
20. Qg4 g6 1/2-1/2

[Event "Acropolis Open"]
[Site "Athens GRE"]
[Date "2006.08.17"]
[Round "5"]
[White "Klokas,K"]
[Black "Delithanasis,D"]
[Result "1-0"]
[WhiteElo "2193"]
[BlackElo "2264"]
[EventDate "2006.08.13"]

1. e4 c5 2. Nf3 a6 3. d4 cxd4 4. Nxd4 Nf6 5. Nc3 e5 6. Nde2 Bc5 7. Ng3 Qb6
8. Qd2 Ng4 9. Nd1 Nc6 10. h3 Nf6 11. Qg5 Nd4 12. Qxe5+ Kd8 13. Bd3 Qa5+ 14.
Kf1 h6 15. b4 Qxb4 16. c3 Qb6 17. cxd4 Bxd4 18. Be3 Bxe5 19. Bxb6+ Ke8 20.
Rc1 d6 21. Ne2 g5 22. g3 Be6 23. f4 Nd7 24. Be3 Bf6 25. f5 Bxa2 26. Ndc3
Ne5 27. Nxa2 Nxd3 28. Rd1 Nc5 29. Rxd6 Nxe4 30. Rb6 Rb8 31. Kg2 Bd8 32. Rb3
Nd6 33. g4 Kd7 34. Rd1 Re8 35. Kf3 b5 36. Rbd3 1-0

[Event "Acropolis Open"]
[Site "Athens GRE"]
[Date "2006.08.17"]
[Round "5"]
[White "Citak,S"]
[Black "Himaras,S"]
[Result "1/2-1/2"]
[WhiteElo "2258"]
[BlackElo "2193"]
[EventDate "2006.08.13"]

1. d4 Nf6 2. c4 c5 3. d5 e6 4. Nc3 exd5 5. cxd5 d6 6. e4 g6 7. Bf4 a6 8.
Qa4+ Nbd7 9. Nf3 Nh5 10. Bg5 Qb6 11. Qc2 Bg7 12. Be2 h6 13. Be3 Qc7 14. a4
O-O 15. O-O Re8 16. Nd2 Nhf6 17. h3 g5 18. f4 gxf4 19. Bxf4 Ne5 20. Nf3
Nxf3+ 21. Rxf3 Nd7 22. Rg3 Kh8 23. Qd2 Kh7 24. Rf1 Ne5 25. Bh5 Ng6 26. Be3
b6 27. Qf2 Re7 28. Ne2 Ra7 29. Nf4 Ne5 30. Be2 Ng6 31. Nh5 Bxb2 32. Nf6+
Bxf6 33. Qxf6 Re5 34. Bf4 Qe7 35. Bxe5 Qxe5 36. Qxe5 Nxe5 37. Rf6 Rd7 38.
Rb3 Kg7 39. Rf1 b5 40. axb5 axb5 41. Bxb5 Rc7 42. Rg3+ Kf8 43. Rf6 Ke7 44.
Rxh6 c4 45. Rc3 Rc5 46. Bc6 Nxc6 47. dxc6 Rxc6 48. Rh5 Be6 49. Rg5 Ra6 50.
h4 Ra1+ 51. Kf2 Rh1 52. g3 Kf6 53. Kg2 Re1 54. Rf3+ Ke7 55. h5 Ra1 56. h6
Ra8 57. Rb5 Rh8 58. Rb7+ Bd7 59. Ra3 Ke6 60. Raa7 Bc6 61. Re7+ Kf6 62.
Rxf7+ Ke5 63. Rae7+ Kd4 64. Rf6 Bxe4+ 65. Rxe4+ Kxe4 66. Rxd6 c3 67. Rc6
Kf5 68. Kf3 Kg5 69. Rxc3 Kxh6 70. Rc6+ Kg5 71. Rc5+ Kg6 72. Kg4 Ra8 73.
Rc6+ Kg7 74. Kh4 Ra5 75. g4 Rb5 76. Rc3 Ra5 77. Rf3 Rb5 78. g5 Rb1 79. Kg4
Rb4+ 80. Kh5 Rb1 81. Rf5 Rh1+ 82. Kg4 Rg1+ 83. Kh4 Rh1+ 84. Kg3 Kg6 85. Ra5
Rg1+ 1/2-1/2

[Event "Acropolis Open"]
[Site "Athens GRE"]
[Date "2006.08.17"]
[Round "5"]
[White "Gamback,B"]
[Black "Fragiadakis,K"]
[Result "1-0"]
[WhiteElo "2179"]
[BlackElo "2223"]
[EventDate "2006.08.13"]

1. c4 e5 2. Nc3 Nc6 3. g3 f5 4. Bg2 Nf6 5. d3 h6 6. a3 a5 7. b3 Bc5 8. e3
O-O 9. Nge2 Bb6 10. Bb2 Ne7 11. b4 c6 12. c5 Bc7 13. b5 d5 14. cxd6 Qxd6
15. bxc6 bxc6 16. Nb5 Qd7 17. Nxc7 Qxc7 18. Qb3+ Kh7 19. Qc3 Ba6 20. Qxe5
Qxe5 21. Bxe5 Bxd3 22. Nf4 Be4 23. f3 Bd5 24. Kf2 Bb3 25. Rhc1 Rac8 26. Bd6
Rfe8 27. Bh3 g6 28. e4 Rcd8 29. Bxe7 Rxe7 30. Rxc6 Kg7 31. exf5 Rd2+ 32.
Kg1 g5 33. Ne6+ Kf7 34. Rac1 Ne8 35. Bg4 Nf6 36. Bh3 Ne8 37. f4 g4 38. Bxg4
Nf6 39. Bf3 Bxe6 40. fxe6+ Rxe6 41. Rxe6 Kxe6 42. Re1+ Kf7 43. Re5 Rd3 44.
Bh5+ Nxh5 45. Rxh5 Rxa3 46. Rxh6 Ra2 47. Ra6 a4 48. g4 a3 49. f5 Kg7 50. g5
Ra1+ 51. Kg2 Ra2+ 52. Kg3 Ra1 53. Ra7+ Kf8 54. h4 Kg8 55. Kg4 a2 56. Kh5
Rf1 57. Rxa2 Rxf5 58. Kg6 Rf8 59. h5 Rb8 60. Ra6 Kh8 61. Ra7 Rc8 62. Kf7
Rb8 63. Re7 Rf8+ 64. Ke6 Rf1 65. Re8+ Kg7 66. h6+ Kg6 67. Rg8+ Kh7 68. Rg7+
Kh8 69. Rf7 Re1+ 70. Kf6 Re8 71. g6 Rb8 72. g7+ Kh7 73. Rf8 Rxf8+ 74.
gxf8=R 1-0